| 000 | 01156nam0a22003131 4500 | ||
|---|---|---|---|
| 001 | rc\723485 | ||
| 005 | 20250621230335.0 | ||
| 010 | _a5-225-03277-Х | ||
| 010 | _a92-4-156160-2 | ||
| 035 | _a(NLR Aleph) 005966743 | ||
| 090 |
_a6901374 _c6901374 |
||
| 100 | _a20031121d1995 |||y0rusy50 ca | ||
| 101 | 0 | _arus | |
| 102 | _aRU | ||
| 105 | _ay ||||||||| | ||
| 200 | 1 |
_aРасстройства личности _fG. de Girolamo, J.H. Reich _g[Пер. с англ. Р.Г. Акжигитова] |
|
| 210 |
_a[М.] _cМедицина _d1995 |
||
| 215 |
_aXV, 87 с. _d21 |
||
| 225 | 1 | _aЭпидемиология псих. расстройств и психосоц. проблемы | |
| 300 | _aПер. изд.: Personality disorders / G. de Girolamo, J.H. Reich. - Geneva, 1993 | ||
| 300 | _aНа тит. л. в вых. дан.: Женева: Всемир. орг. здравоохранения, 1995 | ||
| 320 | _aБиблиогр.: с. 56-70 | ||
| 700 | 1 |
_aЖироламо _bЖ. де |
|
| 701 | 1 |
_aРейч _bД.Х. _gДж.Х. |
|
| 801 | 0 |
_aRU _bNLR _gpsbo |
|
| 801 | 1 |
_aRU _bELAR _2rusmarc |
|
| 852 |
_aNLR _j97-4/12026 |
||
| 942 | _cBOOK | ||
| 980 | _aNB | ||